Twins in Sports - Statistics

General Stats
  • This quiz has been taken 174 times
  • The average score is 5 of 24
Answer Stats
Hint Answer % Correct
Football: Tiki and Ronde Barber
73%
Basketball: Brook and Robin Lopez
64%
Basketball: Horace and Harvey Grant
62%
Basketball: Marcus and Markieff Morris
55%
Football: Mike and Maurkice Pouncey
42%
Hockey: Daniel and Henrik Sedin
37%
Baseball: Jose and Ozzie Canseco
27%
Football: Devin and Jason McCourty
27%
Basketball: Jason and Jarron Collins
26%
Hockey: Henrik and Joel Lundqvist
20%
Tennis: Bob and Mike Bryan
18%
Hockey: Ron and Rich Sutter
15%
Gymnastics: Paul and Morgan Hamm
9%
Crew: Cameron and Tyler Winklevoss
6%
Basketball: Ashley and Coutney Paris
5%
Basketball: Tom and Dick Van Arsdale
5%
Basketball: Joey and Stephen Graham
4%
Basketball: Kelly and Coco Miller
4%
Hockey: Peter and Chirs Ferraro
3%
Football: Josh and Daniel Bullocks
1%
Basketball: Heather and Heidi Burge
1%
Football: Keith and Kerry Cash
1%
Football: Devon and Richardo Mcdonald
1%
Football: Rich and Ron Saul
1%
No matching quizzes found
Score Distribution
Percent of People with Each Score
Percentile by Number Answered
Your Score History
You have not taken this quiz